| 000 | 00450nam a2200133 a 4500 | ||
|---|---|---|---|
| 008 | 120416s1962 ||||||||||||||||| || u | ||
| 050 | _aHF 5822 Pac | ||
| 100 | _aPackard, Vance Oakley, 1914- | ||
| 245 | 1 | 4 | _aThe hidden persuaders |
| 260 |
_aHarmondsworth _c1962 |
||
| 300 | _a223p. | ||
| 350 | _a0.00 | ||
| 995 |
_D0.00 _FCBU-MAIN LIBRARY (Kitwe) _H1 _I0.00 _M1 _UDAMAGED _ZMain Library Open Access Collection |
||
| 999 |
_c45510 _d45510 |
||